Power Rangers Monsters of the Week - Season 1 - Statistics

General Stats
  • This quiz has been taken 44 times
  • The average score is 10 of 49
Answer Stats
Episode Answer % Correct
2 Bones
79%
6, 42 Pudgy Pig
67%
2 Giant
54%
7 Chunky Chicken
50%
5 Gnarly Gnome
50%
4 King Sphinx
50%
8 Eye Guy
46%
3 Mighty Minotaur
46%
34-35 Cyclops
25%
14 Snizzard
25%
15 Dark Warrior
21%
36 Hatchasaurus/Cardiatron
21%
12 Terror Toad
21%
49-50 Dramole
17%
33 Fang
17%
25 Frankenstein Monster
17%
43 Goo Fish
17%
51 Grumble Bee
17%
48 Mantis
17%
31 Samurai Fan Man
17%
32 Babe Ruthless
13%
59 Commander Crayfish
13%
46 Fighting Flea
13%
10 Knasty Knight
13%
57 Lizzinator
13%
13 Madame Woe
13%
11 Pineoctopus
13%
37 Polluticorn
13%
54 Pumpkin Rapper
13%
58 Rhinoblaster
13%
55 Soccadillo
13%
23 Spidertron
13%
38 Twin Man
13%
27 Wheel of Misfortune
13%
39-40 Cyclopsis
8%
16 Genie
8%
47 Jellyfish Warrior
8%
9 Mr. Ticklesneezer
8%
28-29 Mutitus
8%
41 Octoplant
8%
53 Peckster
8%
56 Slippery Shark
8%
24 Spit Flower
8%
52 Two-Headed Parrot
8%
32 Weaveworm
8%
44 Goatan
4%
60 Oysterizer
4%
30 Rockstar
4%
22 Shellshock
4%
No matching quizzes found
Score Distribution
Percent of People with Each Score
Percentile by Number Answered
Your Score History
You have not taken this quiz